| 000 | | | 04674cbc2a2200253 x 450 |
| 001 | | | 7f67100b-2a49-417d-8b8f-29a6c42da9bb |
| 005 | | | 20160929105028.0 |
| 100 | ## | $a | 20160331l18601860k y0rusy50 ca |
| 101 | 0# | $a | rus |
| 102 | ## | $a | RU |
| 105 | ## | $a | y z ||||| |
| 122 | 0# | $a | d18600805## |
| 200 | 1# | $a | Записка без подписи "Взгляд на общее государственное управление" (о необходимости упрощения государственного аппарата) |
| | $e | 5/17 августа 1860 года |
| | $j | 1860 |
| 215 | ## | $a | 5 листов |
| 251 | ## | $c | Дело |
| 300 | ## | $a | Рукописный текст. Чернила |
| 300 | ## | $a | На папке дела: 5/17 авг. 1860 г. |
| 330 | ## | $a | Входит в раздел описи: Документальные материалы, отложившиеся в результате служебной деятельности Муравьева М. Н. |
| 461 | #0 | $1 | 001c2c6c6a4-a01e-4d13-acb7-e6a0c9078d03 |
| | $1 | 2001 |
| | $a | МУРАВЬЕВ МИХАИЛ НИКОЛАЕВИЧ, ГРАФ, ГЕНЕРАЛ ОТ ИНФАНТЕРИИ, ДИРЕКТОР ДЕПАРТАМЕНТА РАЗНЫХ ПОДАТЕЙ И СБОРОВ, ЧЛЕН ГОСУДАРСТВЕННОГО СОВЕТА, МИНИСТР ГОСУДАРСТВЕННЫХ ИМУЩЕСТВ (1857-1862 гг.), ВОЕННЫЙ ГЕНЕРАЛ-ГУБЕРНАТОР ВИЛЕНСКОЙ ГУБЕРНИИ (1863 г.) |
| | $1 | 251 |
| | $c | Фонд |
| | $1 | 852 |
| | $j | 811 |
| 462 | #0 | $1 | 00164fda34d-2ca7-44fe-ab14-22f23de5401d |
| | $1 | 2001 |
| | $a | Опись дел фонда М. Н. Муравьева за 1825-1897 гг. |
| | $v | Д. 32 |
| | $1 | 251 |
| | $c | Опись |
| | $1 | 852 |
| | $j | 1 |
| 801 | #0 | $a | RU |
| | $b | GA_RF |
| 801 | #1 | $a | RU |
| | $b | НПО Опыт |
| | $c | 20160331 |
| | $2 | rusmarc |
| 801 | #2 | $a | RU |
| | $b | ПБ им. Б.Н. Ельцина |
| | $c | 20160608 |
| | $g | RCR |
| | $2 | rusmarc |
| 852 | ## | $a | ГА РФ |
| | $j | 32 |
| 937 | ## | $d | 76498225 |
| | $h | ПБ |
| 035 | ## | $a | RuPRLIB51037639 |
| 607 | ## | $2 | nlr_sh |
| | $3 | RU\NLR\AUTH\661302382 |
| | $a | Россия |
| | $j | Документы и материалы |
| | $x | Политика и управление |
| | $z | 19 в. |
| 605 | ## | $2 | acquisition_Prlib |
| | $3 | DITM\AF\0000002775 |
| | $a | Власть |
| | $l | коллекция |
| 605 | ## | $a | М. Н. Муравьев |
| | $l | коллекция |
| | $2 | acquisition_Prlib |
| | $3 | LIBNET\UAF\0000064007 |
| 686 | ## | $2 | rubbk |
| | $a | 63.3(2)52ю1 |
| | $v | LBC/M |
| 856 | 4# | $u | http://www.prlib.ru/Lib/pages/item.aspx?itemid=141054 |